00661nam a2200193Ia 4500008004100000020001800041082001600059100001900075245004900094250000800143260004200151300003100193500001900224600002100243650005000264942000700314952012900321999001700450240925s9999 xx 000 0 und d a9789332518667 a005.453 AHO aAho, Alfrad V. 0aCompilers: Principles, Techniques, and Tools a2nd aNew Delhi:bPearson Educationc,2014. aVarious pagesb0fOriginal aIncludes Index aComputer Science aComputer science, information & general works cBK 001040708CSaUITUbUITUd2015-09-14eZ S Book Agencyg975.00l0o005.453 AHOpQ10445r2024-09-25 07:15:43w2024-09-25yBK c12944d12944